00624 a2200193 4500003000400000005001700004008004100021020001500062040000900077082001700086100003000103245004000133250001200173260004900185300001000234942004000244952012900284999001700413OSt20240131104858.0240131b |||||||| |||| 00| 0 eng d a8182710081 coclc a297.5bMOU/C aMoududi, Abul A'ala92077 aChodyotharam /cAbul A'ala Moudoodi a5th ed. aKozhikode:bIslamic Publishing House,c2004. a244p. 2ddccBKh297.5iMOU/Ck297.5mMOU/C 00102ddc40708ISLAMaMESbMEScISLd2024-01-31l0o297.5 MOU/Cp45049r2024-01-31 10:44:37v55.00w2024-01-31yBKzGL46R2 c43387d43387